00905cam a22002171 450000100060000000300080000600500170001400800410003103500190007203500190009104000440011004100080015408200250016210000340018724501090022126000420033030000690037250400390044150501930048065000140067324740BD-RjUL20211209001107.0140315s1954 enkabcj b 001 0 eng d a(BD-RjUL)24809 a(OCoLC)1284066 aDLCcOClUdOCoLCdUkdDLCdBD-RjULbeng aeng00a940.18bRUH V-3 19541 aRunciman, Steven,d1903-2000.12aA history of the Crusades /c Steven Runciman,nVolume III :pThe Kingdom of Acre and the Later Crusades aCambridge :bUniversity Press,c1954. axi,530p. :billus., ports., maps, fold. geneal. table. ;c22 cm. aIncludes bibliographies. and Index0 av. 1. The First Crusade and the foundation of the Kingdom of Jerusalem.--v. 2 The kingdom of Jerusalem and the Frankish East, 1100-1187.--v. 3. The Kingdom of Acre, and the later Crusades. 0aCrusades.